Poistný trh krajín Vyšehradskej štvorky

Poistný trh a jeho vymedzenie. Komparácia a analýza vývoja vybraných ukazovateľov poistného trhu v krajinách V4. Investičná aktivita v krajinách V4.

Gespeichert in:
Bibliographische Detailangaben
1. Verfasser: Drugdová, Barbora
Format: Buchkapitel
Sprache:Slowakisch
Schlagworte:
Tags: Tag hinzufügen
Keine Tags, Fügen Sie das erste Tag hinzu!

MARC

LEADER 00000naa a2200000 4500
001 0126343
005 20240711080803.0
041 0 |a slo 
044 |a SK 
245 1 0 |a Poistný trh krajín Vyšehradskej štvorky  |c Barbora Drugdová 
520 |a Poistný trh a jeho vymedzenie. Komparácia a analýza vývoja vybraných ukazovateľov poistného trhu v krajinách V4. Investičná aktivita v krajinách V4. 
610 2 0 |a trh poistný 
610 2 0 |a Vyšehradská štvorka 
610 2 0 |a kríza hospodárska 
610 2 0 |a investovanie 
610 2 0 |a zaistenie 
610 2 0 |a konkurencieschopnosť 
610 2 0 |a porovnanie medzinárodné 
100 1 |a Drugdová, Barbora